Представление документа в формате RUSMARC

ПолеНазваниеЗначение
  Тип записи a
  Библиографический уровень a
001 Контрольный номер 00d1f645acb1442ea865c614f7c227e7
005 Дата корректировки 20241126130050.5
100 Данные общей обработки __
a Данные общей обработки 20241111 ||| 0rusy0189 ca
101 Язык документа 0_
a Язык текста rus
102 Страна публикации __
a Страна публикации RU
200 Заглавие и сведения об ответственности 1_
a Заглавие Рускеала: карьера одного карьера
e Сведения, относящиеся к заглавию [о карельском горном парке Рускеала]
f Первые сведения об ответственности А. Калинина
461 Уровень набора _0
1 2000
a Маруся
463 Уровень физической единицы _0
1 2000
a № 11 (379)
v С. 28-29 : фот.
1 2101
d 2024
1 001870fb41d536b45e08b2025a00ec46693
606 Тематические рубрики 0_
a Основная рубрика Заповедники. Заказники. Национальные парки
y Географическая подрубрика карьер Рускеала, Карелия, Российская Федерация
y Географическая подрубрика Карелия, Российская Федерация
610 Ключевые слова 0_
a Ключевые слова национальные парки, каньоны России, горные парки России, достопримечательности Карелии, карельские карьеры, карьеры Карелии, Мраморный каньон Рускеал, объекты культурного наследия России, природные каньоны, рукотворные каньоны
686 Индексы других классификаций __
a Классификационный индекс 28.088л64
700 Автор _1
a Фамилия Калинина
b Имя (инициалы) А.
g Полное личное имя Алина
801 Источник записи _0
a Страна RU
b Организация УОБДЮ
c Дата составления 20241111
g Правила каталогизации RCR
801 Источник записи _1
a Страна RU
b Организация УОБДЮ
c Дата составления 20241111
g Правила каталогизации RCR
901 Тип документа __
t Тип документа b
w Контрольный № источника 870fb41d536b45e08b2025a00ec46693
905 Данные по созданию БЗ __
b Логин пользователя, который создал БЗ ibo10